| 000 | 01479cab a2200241 4500 | ||
|---|---|---|---|
| 001 | E1952 | ||
| 008 | 090401t1993 xxu||||| |||| 00| 0 eng d | ||
| 035 | _a(Sirsi) u36560 | ||
| 041 | _aeng | ||
| 245 | _aShort`s Trustee v Keeper of the Registers of Scotland | ||
| 260 | _c1993 | ||
| 350 | _a0 | ||
| 490 |
_aScots Law Times _v1993 SLT 1291-1299(9) |
||
| 520 | _aHeritable property. Registration of title. Registrable transactions or events. Decree of reduction of disposition. Whether reduction an event capable of affecting title to a registered interest in land. Whether decree creating inaccuracy in register. Whether Keeper of Registers obliged to register decree of reduction. Conveyancing (Scotland) Act 1924 (& Geo V, c27), s46(1) - Land Registration (Scotland) Act 1979 (c33), ss2(1) and (4), 9(1), (2), (3) and (4) and 12(1), (2) and (3)b - Bankruptcy (Scotland) Act 1985 (c66), s34(4). Administrative law. Judicial review. Competency. Decision by Keeper of Registers. Alternative statutory remedy. Appeal to Lands Tribunal for Scotland possible. Land Registration (Scotland) Act 1979 (c33), s25(1) and (2). Outer House. Lord Coulsfield. 18 December 1992. | ||
| 650 | _aBANKRUPTCY (SCOTLAND) ACT 1985 | ||
| 650 | _aCONVEYANCING (SCOTLAND) ACT 1924 | ||
| 650 | _aHERITABLE PROPERTY | ||
| 650 | _aLAND REGISTRATION (SCOTLAND) ACT 1979 | ||
| 650 | _aREGISTRATION OF TITLE | ||
| 690 | _aPROPERTY LAW AND PRACTICE-CASE LAW | ||
| 942 | _n0 | ||
| 948 | _c04/03/1997 | ||
| 999 |
_c23695 _d23695 |
||